[Event "Khalif"]
[Site "Quebec CAN"]
[Date "2016.04.25"]
[Round "5"]
[White "Bluteau, Yvon"]
[Black "Laflamme, Simon"]
[Result "1/2-1/2"]
[WhiteElo "1884"]
[BlackElo "1837"]
[PlyCount "60"]
[EventDate "2016.03.21"]
[EventType "swiss"]
[EventRounds "5"]
[EventCountry "CAN"]

1. Nf3 Nf6 2. b3 g6 3. Bb2 Bg7 4. e4 d6 5. Be2 O-O 6. d3 c5 7. O-O Nc6 8. Nc3
Bg4 9. Nh4 Bd7 10. Nd5 Ne8 11. Bxg7 Nxg7 12. Nf3 f5 13. Qd2 e6 14. Qh6 exd5 15.
Ng5 Rf7 16. Qxh7+ Kf8 17. Nxf7 Kxf7 18. exf5 Bxf5 19. Bf3 Ne7 20. Qh6 Qd7 21.
Rae1 Be6 22. Re2 Nef5 23. Qf4 Kg8 24. c3 Rf8 25. Qg5 Qf7 26. Rfe1 Qf6 27. Qxf6
Rxf6 28. Bg4 Kf7 29. Bh3 d4 30. c4 b6 1/2-1/2

[Event "Khalif"]
[Site "Quebec CAN"]
[Date "2016.04.25"]
[Round "5"]
[White "Boies, Dominique"]
[Black "Beauchesne, Jonathan"]
[Result "0-1"]
[WhiteElo "1599"]
[BlackElo "1569"]
[PlyCount "106"]
[EventDate "2016.03.21"]
[EventType "swiss"]
[EventRounds "5"]
[EventCountry "CAN"]

1. e4 c5 2. Nf3 d6 3. d4 cxd4 4. Nxd4 Nf6 5. Nc3 g6 6. Be2 Bg7 7. Be3 O-O 8. h4
Nc6 9. Nxc6 bxc6 10. h5 Qa5 11. hxg6 fxg6 12. f3 Be6 13. Bh6 Bxh6 14. Rxh6 Qg5
15. Qd2 Qxg2 16. O-O-O Nh5 17. Qe3 Qh2 18. Rg1 Qf4 19. Kd2 Qxe3+ 20. Kxe3 Nf6
21. f4 Kg7 22. Rh4 Rab8 23. b3 Nd7 24. f5 Bf7 25. fxg6 hxg6 26. Bd3 Rh8 27.
Rhg4 Ne5 28. R4g3 Rh6 29. Be2 Rbh8 30. Bf1 Rh1 31. Rxh1 Rxh1 32. Be2 Be6 33. a4
Rh3 34. Rxh3 Bxh3 35. Na2 g5 36. b4 Be6 37. Nc1 Kf6 38. Nd3 Nxd3 39. Bxd3 Ke5
40. c4 c5 41. b5 Bc8 42. a5 Bb7 43. Kf3 Kd4 44. Bf1 Bxe4+ 45. Kg4 e5 46. Kxg5
d5 47. cxd5 Bxd5 48. b6 axb6 49. axb6 c4 50. Bh3 Bb7 51. Kf6 c3 52. Bf5 e4 53.
Ke7 c2 0-1

[Event "Khalif"]
[Site "Quebec CAN"]
[Date "2016.04.25"]
[Round "5"]
[White "Lacerte, Kevin"]
[Black "Leblanc-Legault, Mathieu"]
[Result "1-0"]
[WhiteElo "1502"]
[BlackElo "1632"]
[PlyCount "37"]
[EventDate "2016.03.21"]
[EventType "swiss"]
[EventRounds "5"]
[EventCountry "CAN"]

1. e4 e6 2. Nf3 a6 3. d4 d5 4. Nc3 Nf6 5. e5 Nfd7 6. Bd3 c5 7. O-O Nc6 8. dxc5
Bxc5 9. Re1 O-O 10. Bxh7+ Kh8 11. Bd3 Be7 12. Ng5 g6 13. Qg4 Bxg5 14. Bxg5 Qb6
15. Qh4+ Kg8 16. Bf6 Nxf6 17. exf6 Qd4 18. Qg5 e5 19. Qh6 1-0

[Event "Khalif"]
[Site "Quebec CAN"]
[Date "2016.04.25"]
[Round "5"]
[White "Lessard, Claude"]
[Black "Fecteau, Martin"]
[Result "1-0"]
[WhiteElo "2036"]
[BlackElo "1885"]
[PlyCount "71"]
[EventDate "2016.03.21"]
[EventType "swiss"]
[EventRounds "5"]
[EventCountry "CAN"]

1. d4 Nf6 2. Bf4 d5 3. e3 e6 4. Bd3 c5 5. c3 Nc6 6. Nf3 Be7 7. Nbd2 Nh5 8. Bg3
Nxg3 9. hxg3 cxd4 10. exd4 g6 11. Nb3 b6 12. Bb5 Bd7 13. Qd2 Bf6 14. g4 Qe7 15.
g5 Bg7 16. Qe2 a5 17. Nbd2 a4 18. a3 Ra5 19. Bxc6 Bxc6 20. Ne5 Bb5 21. Qe3 Bd7
22. f4 f6 23. gxf6 Bxf6 24. O-O-O Kd8 25. Ndf3 Kc7 26. Rde1 Raa8 27. Nxd7 Kxd7
28. Qd3 Kc7 29. Re3 Qd6 30. Rhe1 Rhe8 31. g3 Qc6 32. Kb1 Kb7 33. Qe2 Re7 34.
Rxe6 Rae8 35. Rxc6 Rxe2 36. Rxe2 1-0

[Event "Khalif"]
[Site "Quebec CAN"]
[Date "2016.04.25"]
[Round "5"]
[White "Tremblay, Rejean"]
[Black "Cossette, Daniel"]
[Result "1-0"]
[WhiteElo "2171"]
[BlackElo "2066"]
[PlyCount "83"]
[EventDate "2016.03.21"]
[EventType "swiss"]
[EventRounds "5"]
[EventCountry "CAN"]

1. d4 d5 2. c4 e6 3. Nc3 c5 4. cxd5 exd5 5. Nf3 Nc6 6. g3 Nf6 7. Bg2 Be7 8. O-O
O-O 9. dxc5 Bxc5 10. Na4 Be7 11. Be3 Re8 12. Rc1 Bg4 13. h3 Bxf3 14. Bxf3 Qd7
15. Bg2 Rad8 16. Bc5 b6 17. Bxe7 Nxe7 18. b3 Ng6 19. Qd3 h5 20. h4 Qe7 21. Rc2
Ne5 22. Qd4 Neg4 23. Nc3 Qe5 24. Qxe5 Rxe5 25. Nb5 Rd7 26. Nd4 g5 27. Nf3 Rf5
28. Nxg5 d4 29. Rd2 Rc5 30. Rfd1 Kg7 31. Ne4 Ra5 32. Nxf6 Kxf6 33. a4 Re7 34.
Bf3 Ne5 35. Rxd4 Nxf3+ 36. exf3 Rc5 37. Rd6+ Kg7 38. R6d5 Rc3 39. R1d3 Re1+ 40.
Kg2 Rc2 41. Rg5+ Kf6 42. f4 1-0

[Event "Kingston op"]
[Site "Kingston CAN"]
[Date "2016.02.27"]
[Round "2"]
[White "Marin, Sam"]
[Black "Zhou, Qiyu"]
[Result "1/2-1/2"]
[WhiteElo "2035"]
[BlackElo "2328"]
[PlyCount "103"]
[EventDate "2016.02.26"]
[EventType "swiss"]
[EventRounds "5"]
[EventCountry "CAN"]

1. Nf3 Nf6 2. d4 e6 3. Bg5 c5 4. c3 h6 5. Bxf6 Qxf6 6. e4 b6 7. Bd3 Bb7 8. Nbd2
Qd8 9. Qe2 d6 10. O-O Be7 11. Rfd1 O-O 12. e5 d5 13. b3 Nc6 14. a3 Rc8 15. b4
cxd4 16. cxd4 Nb8 17. Rac1 Qd7 18. b5 Rc7 19. Bb1 Rfc8 20. Qd3 g6 21. Rc2 Rxc2
22. Bxc2 a6 23. a4 Bb4 24. Nb1 Rc4 25. h4 axb5 26. axb5 Qe8 27. h5 Kg7 28. hxg6
fxg6 29. Nh4 Bc8 30. Nxg6 Bd7 31. Nf4 Rxc2 32. Qxc2 Bxb5 33. Qc7+ Nd7 34. Nc3
Bc4 35. Na4 Ba5 36. Nc5 bxc5 37. Qxa5 cxd4 38. Rxd4 Nxe5 39. Qc7+ Nd7 40. Rxc4
dxc4 41. Qxc4 Nf8 42. Qc7+ Qf7 43. Qe5+ Kh7 44. g3 Qf5 45. Qc7+ Kg8 46. Qc8 Qf7
47. Qc3 Qg7 48. Qxg7+ Kxg7 49. Kg2 Kf6 50. Kf3 Nd7 51. Kg4 Ne5+ 52. Kh5 1/2-1/2

[Event "Kingston op"]
[Site "Kingston CAN"]
[Date "2016.02.27"]
[Round "4"]
[White "Dixon, Frank"]
[Black "Marin, Sam"]
[Result "1/2-1/2"]
[WhiteElo "1907"]
[BlackElo "2035"]
[PlyCount "155"]
[EventDate "2016.02.26"]
[EventType "swiss"]
[EventRounds "5"]
[EventCountry "CAN"]

1. e4 e5 2. Nf3 d6 3. Bc4 Be7 4. O-O Nf6 5. d3 O-O 6. h3 c6 7. c3 b5 8. Bb3 a5
9. Be3 Nbd7 10. Nbd2 d5 11. Qe2 Ba6 12. Rfe1 b4 13. Bg5 bxc3 14. bxc3 a4 15.
Bc2 dxe4 16. Nxe4 Nxe4 17. Bxe7 Nxc3 18. Bxd8 Nxe2+ 19. Rxe2 Rfxd8 20. Nxe5
Nxe5 21. Rxe5 Bxd3 22. Bxd3 Rxd3 23. Rc1 Rd5 24. Rxd5 cxd5 25. Rc5 Rd8 26. Kf1
Kf8 27. Ke2 Ke7 28. Ra5 Rb8 29. Rxa4 Rb2+ 30. Ke3 Ke6 31. g4 g5 32. Ra6+ Ke5
33. f3 Rh2 34. Rh6 d4+ 35. Kd3 Rxa2 36. Rxh7 Ra3+ 37. Ke2 d3+ 38. Kd2 Kd4 39.
Rxf7 Ra2+ 40. Ke1 Ke3 41. Re7+ Kxf3 42. Rd7 Ke3 43. Re7+ Kf3 44. Rd7 Ra3 45.
Kd2 Kg3 46. Rh7 Ra2+ 47. Kxd3 Rh2 48. Rg7 Rxh3 49. Ke2 Kxg4 50. Kf1 Rh2 51. Kg1
Ra2 52. Rg8 Rb2 53. Rg7 Ra2 54. Rg8 Kf4 55. Rf8+ Kg3 56. Kf1 Ra1+ 57. Ke2 g4
58. Rg8 Kh3 59. Kf2 Ra2+ 60. Kg1 Kg3 61. Kf1 Rf2+ 62. Kg1 Rb2 63. Kf1 Rb1+ 64.
Ke2 Rb7 65. Kf1 Rf7+ 66. Kg1 Kf3 67. Rb8 g3 68. Rb3+ Kg4 69. Rb4+ Kh3 70. Rb8
Rf4 71. Rh8+ Kg4 72. Rg8+ Kf3 73. Rb8 Rd4 74. Rb3+ Kg4 75. Rb8 Rd1+ 76. Kg2
Rd2+ 77. Kg1 Kf3 78. Rf8+ 1/2-1/2

[Event "Kingston op"]
[Site "Kingston CAN"]
[Date "2016.02.28"]
[Round "5"]
[White "Marin, Sam"]
[Black "Bigras, John"]
[Result "1-0"]
[WhiteElo "2035"]
[BlackElo "1732"]
[PlyCount "63"]
[EventDate "2016.02.26"]
[EventType "swiss"]
[EventRounds "5"]
[EventCountry "CAN"]

1. b3 Nf6 2. Bb2 d5 3. Nf3 c6 4. e3 Bg4 5. Be2 Nbd7 6. O-O Qc7 7. d4 e6 8. Nbd2
Be7 9. c4 O-O 10. Ne5 Bxe2 11. Qxe2 Nxe5 12. dxe5 Ne4 13. Nxe4 dxe4 14. Qg4
Rad8 15. Qxe4 a5 16. Rad1 Rxd1 17. Rxd1 Rd8 18. Rxd8+ Qxd8 19. Qd4 Qc7 20. f4
f5 21. exf6 Bxf6 22. Qd2 Bxb2 23. Qxb2 Qd6 24. Qd4 Qb4 25. Kf2 Kf7 26. Qd7+ Kf6
27. g4 h6 28. f5 exf5 29. gxf5 Qc3 30. Qe6+ Kg5 31. Qg6+ Kh4 32. Kf3 1-0

[Event "Laval op"]
[Site "Laval CAN"]
[Date "2016.06.23"]
[Round "1.2"]
[White "Oussedik, Elias"]
[Black "Durette, Francis"]
[Result "1-0"]
[WhiteElo "2218"]
[BlackElo "1897"]
[PlyCount "101"]
[EventDate "2016.06.23"]
[EventType "swiss"]
[EventRounds "7"]
[EventCountry "CAN"]

1. d4 Nf6 2. c4 g6 3. Nc3 Bg7 4. e4 d6 5. h3 O-O 6. Bg5 Nbd7 7. Nf3 e5 8. d5 a5
9. Be2 Nc5 10. Nd2 h6 11. Be3 Re8 12. g4 g5 13. Qc2 Na6 14. Nf1 c6 15. Ng3 Qe7
16. O-O Bd7 17. Kh1 Nb4 18. Qd2 cxd5 19. cxd5 Rec8 20. Nf5 Bxf5 21. gxf5 Nd7
22. h4 f6 23. hxg5 fxg5 24. Rac1 Nc5 25. Bxc5 Rxc5 26. Na4 Rxc1 27. Rxc1 Qd8
28. Qc3 Na6 29. Qb3 Rb8 30. Qb5 Kh8 31. Bh5 Kg8 32. f3 Bf6 33. Rc3 Bg7 34. a3
Bf6 35. Rc1 Bg7 36. Rc2 Bf6 37. Rc3 Bg7 38. Nb6 Nc5 39. Bg4 Bf8 40. f6 a4 41.
Rxc5 dxc5 42. Nd7 Ra8 43. Nxe5 Qc7 44. d6 Bxd6 45. Qc4+ Kh8 46. Nf7+ Kg8 47.
Nxg5+ Kh8 48. Nf7+ Kg8 49. Nxd6+ Kf8 50. e5 Rd8 51. e6 1-0

[Event "Laval op"]
[Site "Laval CAN"]
[Date "2016.06.23"]
[Round "1.3"]
[White "Morin, Louis"]
[Black "Chipanga, Takaedza"]
[Result "0-1"]
[WhiteElo "1894"]
[BlackElo "2125"]
[PlyCount "100"]
[EventDate "2016.06.23"]
[EventType "swiss"]
[EventRounds "7"]
[EventCountry "CAN"]

1. e4 e5 2. Nf3 Nc6 3. Bb5 a6 4. Bxc6 dxc6 5. O-O Qf6 6. d4 exd4 7. Nxd4 Bd7 8.
e5 Qg6 9. Be3 O-O-O 10. Qe2 Nh6 11. Rd1 Bc5 12. Nc3 Rhe8 13. Nf3 Bf8 14. Rd3
Ng4 15. Bf4 f6 16. Rad1 fxe5 17. Nxe5 Nxe5 18. Bxe5 Bd6 19. Re3 Bg4 20. f3 Bxe5
21. Rxd8+ Kxd8 22. Rxe5 Rxe5 23. Qxe5 Bxf3 24. Qd4+ Kc8 25. Qf2 Bd5 26. a3 Qf7
27. Qxf7 Bxf7 28. Nd1 Kd7 29. Kf2 Kd6 30. Ke3 Bg6 31. c3 Ke5 32. Kd2 Bf5 33.
Ne3 Be6 34. Kd3 g6 35. g3 b6 36. c4 a5 37. Kc3 Kd6 38. Kd4 c5+ 39. Ke4 c6 40.
a4 h6 41. b3 Bd7 42. g4 Ke6 43. h4 Kf6 44. Kf4 g5+ 45. hxg5+ hxg5+ 46. Ke4 Be8
47. Nf1 Bg6+ 48. Ke3 Bc2 49. Nd2 Bd1 50. Ne4+ Kg6 0-1

[Event "Laval op"]
[Site "Laval CAN"]
[Date "2016.06.23"]
[Round "1.4"]
[White "Larochelle, Martial"]
[Black "Johnson-Constantin, Matthieu"]
[Result "1-0"]
[WhiteElo "2112"]
[BlackElo "1869"]
[PlyCount "69"]
[EventDate "2016.06.23"]
[EventType "swiss"]
[EventRounds "7"]
[EventCountry "CAN"]

1. d4 Nf6 2. c4 g6 3. Nc3 Bg7 4. e4 d6 5. Be2 O-O 6. Bg5 h6 7. Be3 e5 8. d5 a5
9. Qd2 Kh7 10. h4 Ng8 11. g4 f5 12. gxf5 gxf5 13. f3 Nd7 14. O-O-O f4 15. Bf2
Ndf6 16. Bf1 Nh5 17. Bh3 Bf6 18. Bxc8 Rxc8 19. Nce2 b6 20. Nh3 Qe8 21. Kb1 Ne7
22. Rdg1 Rg8 23. Rg4 Rxg4 24. fxg4 Qg6 25. Qd3 Qxg4 26. Rg1 Ng3 27. Nhxf4 exf4
28. Bxg3 Ng6 29. Bh2 Qxh4 30. e5 Bg5 31. Bxf4 Rg8 32. Bxg5 hxg5 33. Ng3 Qg4 34.
e6 Rf8 35. Rh1+ 1-0

[Event "Laval op"]
[Site "Laval CAN"]
[Date "2016.06.23"]
[Round "1.5"]
[White "Gauthier, Denis"]
[Black "Soudre, Nicolas"]
[Result "1/2-1/2"]
[WhiteElo "1849"]
[BlackElo "2084"]
[PlyCount "52"]
[EventDate "2016.06.23"]
[EventType "swiss"]
[EventRounds "7"]
[EventCountry "CAN"]

1. d4 e6 2. c4 Nf6 3. Nf3 b6 4. a3 Bb7 5. Nc3 d5 6. cxd5 Nxd5 7. Qc2 Nd7 8. e4
Nxc3 9. bxc3 c5 10. Bd3 Rc8 11. Qe2 Be7 12. Bf4 g5 13. Bg3 g4 14. Ne5 Nxe5 15.
Bxe5 f6 16. Bf4 cxd4 17. cxd4 Qxd4 18. O-O Kf7 19. Rfd1 Qc3 20. Rac1 Qd4 21.
Be3 Qe5 22. Qxg4 h5 23. Qe2 Bxe4 24. Bxe4 Qxe4 25. Rxc8 Rxc8 26. Qxh5+ Qg6
1/2-1/2

[Event "Laval op"]
[Site "Laval CAN"]
[Date "2016.06.23"]
[Round "1.6"]
[White "Libersan, Thierry"]
[Black "Saha, Ananda"]
[Result "1-0"]
[WhiteElo "2043"]
[BlackElo "1845"]
[PlyCount "77"]
[EventDate "2016.06.23"]
[EventType "swiss"]
[EventRounds "7"]
[EventCountry "CAN"]

1. e4 c5 2. Nf3 e6 3. d4 cxd4 4. Nxd4 a6 5. Nc3 Qc7 6. Bd3 Bc5 7. Nb3 Be7 8.
O-O Nf6 9. Qe2 d6 10. a4 b6 11. f4 Nbd7 12. Kh1 Bb7 13. Bd2 O-O 14. Rae1 Rfd8
15. Rf3 Nc5 16. Nxc5 dxc5 17. Rh3 c4 18. Bxc4 Rxd2 19. Qxd2 Qxc4 20. Rd3 b5 21.
Rd4 Qc6 22. e5 Bc5 23. Rd8+ Rxd8 24. Qxd8+ Ne8 25. Re2 Bb6 26. Qd3 b4 27. Ne4
Qxa4 28. h4 Bd5 29. b3 Qa1+ 30. Kh2 g6 31. h5 Ng7 32. Nf6+ Kh8 33. Nxd5 Qg1+
34. Kg3 Nf5+ 35. Kg4 exd5 36. Qxd5 Ne3+ 37. Rxe3 Qxe3 38. Qa8+ Kg7 39. h6+ 1-0

[Event "Laval op"]
[Site "Laval CAN"]
[Date "2016.06.23"]
[Round "1.7"]
[White "Agnaieff, Vladimir"]
[Black "Eshleman, Brandon"]
[Result "0-1"]
[WhiteElo "1830"]
[BlackElo "2043"]
[PlyCount "88"]
[EventDate "2016.06.23"]
[EventType "swiss"]
[EventRounds "7"]
[EventCountry "CAN"]

1. c4 Nf6 2. Nc3 g6 3. e4 d6 4. d4 Bg7 5. Bg5 O-O 6. Bd3 c5 7. d5 h6 8. Bh4 e6
9. f4 Qa5 10. Qd2 exd5 11. Bxf6 Bxf6 12. Nxd5 Qxd2+ 13. Kxd2 Bd8 14. Ne2 Nc6
15. h3 f5 16. g4 fxg4 17. hxg4 Kg7 18. Rag1 Be6 19. Ke3 g5 20. f5 Bxd5 21. cxd5
Ne5 22. Rg3 c4 23. Bb1 b5 24. Kd2 Bb6 25. Rf1 Rac8 26. Ng1 b4 27. Nf3 c3+ 28.
bxc3 Rxc3 29. Bc2 Nc4+ 30. Kc1 Rxc2+ 31. Kxc2 Ne3+ 32. Kb3 Nxf1 33. Rg2 Ne3 34.
Rg3 Nf1 35. Rg2 Re8 36. Re2 Ng3 37. Rg2 Nxe4 38. Kxb4 Nf6 39. Kb5 Nxd5 40. Kc6
Nc3 41. Rc2 Bc5 42. Kd7 Re4 43. Nd2 Rxg4 44. Ke6 Rf4 0-1

[Event "Laval op"]
[Site "Laval CAN"]
[Date "2016.06.23"]
[Round "1.8"]
[White "Mathieu, Guillaume"]
[Black "Gauthier, Luc"]
[Result "1/2-1/2"]
[WhiteElo "2037"]
[BlackElo "1805"]
[PlyCount "83"]
[EventDate "2016.06.23"]
[EventType "swiss"]
[EventRounds "7"]
[EventCountry "CAN"]

1. e4 Nf6 2. Nc3 d5 3. e5 d4 4. exf6 dxc3 5. fxg7 cxd2+ 6. Qxd2 Qxd2+ 7. Bxd2
Bxg7 8. O-O-O O-O 9. Bd3 Nc6 10. Re1 e5 11. f4 Re8 12. f5 Bd7 13. Nf3 Nd4 14.
Nxd4 exd4 15. g4 Rxe1+ 16. Rxe1 Re8 17. Rxe8+ Bxe8 18. Bf4 c5 19. Be4 b5 20. g5
c4 21. Bd6 Bf8 22. Bxf8 Kxf8 23. f6 Kg8 24. Kd2 a5 25. b3 Bd7 26. a4 cxb3 27.
cxb3 bxa4 28. bxa4 Bxa4 29. Kd3 Bb3 30. Kxd4 a4 31. Kc3 Bd1 32. Kb4 Bb3 33. h3
Kh8 34. h4 Kg8 35. Bd3 Kh8 36. Be2 Kg8 37. h5 Kh8 38. Bd3 Bd1 39. Bxh7 Kxh7 40.
g6+ fxg6 41. hxg6+ Kxg6 42. Ka3 1/2-1/2

[Event "Laval op"]
[Site "Laval CAN"]
[Date "2016.06.23"]
[Round "1.9"]
[White "Lesage, Philippe"]
[Black "Lepine, Cedric"]
[Result "0-1"]
[WhiteElo "1802"]
[BlackElo "2030"]
[PlyCount "90"]
[EventDate "2016.06.23"]
[EventType "swiss"]
[EventRounds "7"]
[EventCountry "CAN"]

1. Nf3 Nf6 2. c4 e6 3. g3 b6 4. Bg2 c6 5. O-O Ba6 6. b3 Be7 7. d4 d5 8. Ne5
Nfd7 9. Nxd7 Nxd7 10. Bf4 O-O 11. cxd5 cxd5 12. Nd2 g5 13. Be3 f5 14. Nf3 g4
15. Ne5 Nxe5 16. dxe5 Qc7 17. Bf4 Ba3 18. Qd2 Rac8 19. Rfd1 Qc2 20. Bxd5 exd5
21. Qxd5+ Kg7 22. Qe6 Qc6 23. Bh6+ Kh8 24. Qxc6 Rxc6 25. Bxf8 Bxf8 26. Rd8 Kg8
27. e3 Bc8 28. Rad1 Kf7 29. Kg2 Bg7 30. R8d6 Rc2 31. a4 Bxe5 32. Rd8 Ke7 33.
R8d2 Rc3 34. Rd3 Bb7+ 35. Kg1 Bf3 36. Rxc3 Bxd1 37. Rd3 Bc2 38. Rd5 Ke6 39. Rd8
Bxb3 40. Ra8 a5 41. Re8+ Kd5 42. Re7 Bxa4 43. Rxh7 Bb3 44. Rb7 Kc5 45. Kf1 a4
0-1

[Event "Laval op"]
[Site "Laval CAN"]
[Date "2016.06.23"]
[Round "1.10"]
[White "Johnson, Nicholas"]
[Black "Langlois-Remillard, Alexis"]
[Result "1-0"]
[WhiteElo "1992"]
[BlackElo "1797"]
[PlyCount "67"]
[EventDate "2016.06.23"]
[EventType "swiss"]
[EventRounds "7"]
[EventCountry "CAN"]

1. c4 b6 2. Nc3 Bb7 3. e4 d6 4. g3 Nf6 5. Bg2 Nbd7 6. Nge2 e6 7. O-O Be7 8. d4
Qc8 9. h3 O-O 10. Be3 c5 11. d5 Ne5 12. b3 exd5 13. exd5 Re8 14. g4 a6 15. a4
Qd8 16. Ng3 Bc8 17. g5 Nfd7 18. Nce4 Nf8 19. f4 Ned7 20. Qd3 Ng6 21. Rae1 Ra7
22. Qc3 Nh4 23. Bc1 f5 24. Bb2 Bf8 25. Nxd6 Rxe1 26. Rxe1 Nb8 27. Nxc8 Qxc8 28.
Re6 Qc7 29. d6 Qd8 30. Bd5 Kh8 31. Qe1 a5 32. Re8 Qxd6 33. Be5 Re7 34. Rxf8#
1-0

[Event "Laval op"]
[Site "Laval CAN"]
[Date "2016.06.23"]
[Round "1.11"]
[White "Beaulieu, Pierre"]
[Black "Lopez Linares, Lizandro"]
[Result "0-1"]
[WhiteElo "1781"]
[BlackElo "1984"]
[PlyCount "118"]
[EventDate "2016.06.23"]
[EventType "swiss"]
[EventRounds "7"]
[EventCountry "CAN"]

1. b3 d5 2. Bb2 Bf5 3. e3 Nd7 4. Ne2 Ngf6 5. Ng3 Bg6 6. Nc3 e5 7. Bd3 e4 8. Be2
h5 9. d4 Bd6 10. Nb5 Bb4+ 11. c3 Be7 12. a4 a6 13. Na3 c6 14. Nf1 Bd6 15. h3
O-O 16. Rg1 Qe7 17. Nc2 h4 18. Bg4 Nh7 19. Bxd7 Qxd7 20. Qg4 Qe7 21. g3 Ng5 22.
Nd2 hxg3 23. fxg3 Nf3+ 24. Nxf3 exf3 25. Kd2 Bxc2 26. Kxc2 Qxe3 27. Raf1 f2 28.
Rh1 Bxg3 29. Bc1 Qe4+ 30. Qxe4 dxe4 31. Be3 f5 32. Bxf2 Bd6 33. Rhg1 f4 34. Rg6
Rf6 35. Rfg1 Rxg6 36. Rxg6 Rd8 37. Rg4 Kf7 38. Bh4 Rf8 39. Kd2 g6 40. Ke2 Kg7
41. Bg5 Rf5 42. h4 Kf7 43. Bh6 b5 44. axb5 cxb5 45. Bg5 a5 46. Rg1 Bc7 47. Rb1
Ke6 48. Bh6 Rh5 49. Bg5 Kf5 50. c4 b4 51. Rg1 Rh7 52. Rd1 Rd7 53. Bh6 Bd8 54.
d5 Bb6 55. Bf8 f3+ 56. Ke1 e3 57. c5 Bd8 58. Rd4 Rh7 59. c6 Rxh4 0-1

[Event "Laval op"]
[Site "Laval CAN"]
[Date "2016.06.23"]
[Round "1.12"]
[White "Turcotte, Jonathan"]
[Black "Chevalier, Francois"]
[Result "1-0"]
[WhiteElo "1975"]
[BlackElo "1768"]
[PlyCount "105"]
[EventDate "2016.06.23"]
[EventType "swiss"]
[EventRounds "7"]
[EventCountry "CAN"]

1. d4 Nf6 2. c4 e6 3. Nf3 d5 4. Nc3 c6 5. Bg5 Be7 6. e3 O-O 7. Rc1 Nbd7 8. Bd3
dxc4 9. Bxc4 Nd5 10. Bxe7 Qxe7 11. O-O Nxc3 12. Rxc3 b6 13. Qe2 Bb7 14. Rfc1
Rfc8 15. Ba6 Nb8 16. Bxb7 Qxb7 17. Qc2 Na6 18. a3 c5 19. b4 Nc7 20. bxc5 Nd5
21. Rb3 Rc7 22. h3 Rac8 23. Ng5 g6 24. Ne4 Rc6 25. Qb2 Qd7 26. Rd1 Qe7 27. cxb6
axb6 28. Ng3 Rc2 29. Qb1 f5 30. a4 Qc7 31. Rb2 Rc4 32. Qd3 Rc3 33. Qb5 Nxe3 34.
Re1 Rc1 35. Rbe2 Rxe1+ 36. Rxe1 Nd5 37. Rxe6 Rd8 38. Ne2 Kf7 39. Re5 Qd7 40.
Qc4 Kf6 41. Nc1 Ne7 42. Nb3 Qd6 43. Rb5 Nd5 44. Nd2 Nc7 45. Rb4 Nd5 46. Rb1 Rd7
47. Nf3 Rc7 48. Qb3 Rc3 49. Qb5 Rc7 50. Qe8 Qe7 51. Qg8 Qf7 52. Qh8+ Qg7 53.
Qd8+ 1-0

[Event "Laval op"]
[Site "Laval CAN"]
[Date "2016.06.23"]
[Round "1.13"]
[White "Lafleche, Alain"]
[Black "Jacquet, Stephane"]
[Result "0-1"]
[WhiteElo "1719"]
[BlackElo "1969"]
[PlyCount "96"]
[EventDate "2016.06.23"]
[EventType "swiss"]
[EventRounds "7"]
[EventCountry "CAN"]

1. e4 d6 2. d4 Nf6 3. Nc3 g6 4. f3 Bg7 5. Be3 c6 6. Qd2 Nbd7 7. O-O-O Qa5 8.
Kb1 O-O 9. g4 b5 10. Nd5 Qd8 11. Nxf6+ Nxf6 12. h4 h5 13. g5 Nd7 14. f4 Nb6 15.
Qa5 Bg4 16. Rd2 Nc4 17. Qxd8 Nxd2+ 18. Bxd2 Rfxd8 19. c3 b4 20. Kc2 c5 21. Be3
bxc3 22. bxc3 cxd4 23. cxd4 Rdc8+ 24. Kd3 Rab8 25. Ne2 Bxe2+ 26. Bxe2 Rb2 27.
Ra1 Rcc2 28. Bd1 Rxa2 29. Rb1 Rcb2 30. Rc1 Ra3+ 31. Rc3 Rxc3+ 32. Kxc3 Rh2 33.
f5 Rxh4 34. Kd3 a5 35. Bb3 Kf8 36. Bd2 gxf5 37. Bxa5 fxe4+ 38. Kc4 e3 39. Kd3
Rxd4+ 40. Kxe3 Rg4 41. Bd1 Rxg5 42. Be1 f5 43. Bh4 Rg1 44. Bf3 e5 45. Bf2 Rg4
46. Be1 Bh6+ 47. Kf2 Rf4 48. Kg2 Rxf3 0-1

[Event "Laval op"]
[Site "Laval CAN"]
[Date "2016.06.24"]
[Round "2.1"]
[White "Baran, Marius"]
[Black "Tinica, Gabriel"]
[Result "1-0"]
[WhiteElo "1772"]
[BlackElo "1615"]
[PlyCount "101"]
[EventDate "2016.06.23"]
[EventType "swiss"]
[EventRounds "7"]
[EventCountry "CAN"]

1. e4 c5 2. Nf3 d6 3. d4 cxd4 4. Nxd4 Nf6 5. Nc3 g6 6. Be3 Bg7 7. f3 Nc6 8. Bc4
O-O 9. a3 Bd7 10. Bb3 Rc8 11. Qd2 Nxd4 12. Bxd4 a6 13. O-O-O b5 14. Nd5 Nxd5
15. Bxg7 Kxg7 16. exd5 a5 17. g4 Qb6 18. Rhe1 Rfe8 19. Kb1 a4 20. Ba2 Rb8 21.
c3 Qc5 22. Re2 Rb7 23. Rde1 Bc8 24. Ka1 Rc7 25. h4 h6 26. h5 g5 27. Qd3 Qa7 28.
Bb1 Rh8 29. Qe4 e6 30. dxe6 Bxe6 31. Ba2 Bxa2 32. Kxa2 Qc5 33. Rd2 Rhc8 34.
Red1 Rc6 35. Rd5 Qc4+ 36. Qxc4 Rxc4 37. Rxb5 Rf4 38. Rd3 Rc6 39. Rb4 Kf6 40.
Rxf4+ gxf4 41. Rd4 Kg5 42. Kb1 f5 43. gxf5 Kxf5 44. Rxa4 Rc5 45. Rd4 Kg5 46. a4
Rf5 47. c4 Kxh5 48. Rd5 Kg6 49. Rxf5 Kxf5 50. a5 h5 51. a6 1-0

[Event "Laval op"]
[Site "Laval CAN"]
[Date "2016.06.24"]
[Round "2.2"]
[White "Lepine, Cedric"]
[Black "Oussedik, Elias"]
[Result "0-1"]
[WhiteElo "2030"]
[BlackElo "2218"]
[PlyCount "74"]
[EventDate "2016.06.23"]
[EventType "swiss"]
[EventRounds "7"]
[EventCountry "CAN"]

1. d4 Nf6 2. Bf4 c5 3. c3 Qb6 4. Qb3 cxd4 5. Qxb6 axb6 6. Bxb8 dxc3 7. Nxc3
Rxb8 8. e4 e5 9. a3 Bc5 10. Nf3 O-O 11. Bb5 Bd4 12. Nxd4 exd4 13. Nd5 Nxe4 14.
Nxb6 d5 15. Bd7 Nd6 16. O-O Rd8 17. Nxc8 Rxd7 18. Nxd6 Rxd6 19. Rfd1 Rc8 20.
Rxd4 Rc2 21. b4 Kf8 22. g3 Ke7 23. Rad1 Ke6 24. Re1+ Kd7 25. Re5 Kc6 26. Re8
Ra2 27. Rc8+ Kd7 28. Rf8 Ke7 29. Rb8 b6 30. Rd3 d4 31. Rb7+ Ke6 32. Kf1 h5 33.
Ke1 g6 34. Rd2 Ra1+ 35. Ke2 Rxa3 36. Rd3 Ra4 37. Rb3 Ra2+ 0-1

[Event "Laval op"]
[Site "Laval CAN"]
[Date "2016.06.24"]
[Round "2.3"]
[White "Chipanga, Takaedza"]
[Black "Turcotte, Jonathan"]
[Result "0-1"]
[WhiteElo "2125"]
[BlackElo "1975"]
[PlyCount "70"]
[EventDate "2016.06.23"]
[EventType "swiss"]
[EventRounds "7"]
[EventCountry "CAN"]

1. d4 d5 2. c4 c6 3. Nf3 Nf6 4. Nc3 e6 5. e3 Nbd7 6. Qc2 Bd6 7. Bd3 O-O 8. O-O
dxc4 9. Bxc4 b5 10. Be2 Bb7 11. e4 e5 12. Rd1 Qc7 13. g3 Rfd8 14. dxe5 Nxe5 15.
Bg5 Nxf3+ 16. Bxf3 Be5 17. Be3 a6 18. Bg2 c5 19. Ne2 Bd6 20. Rac1 Rac8 21. Bg5
Be7 22. Bf4 Qb6 23. Nc3 Qe6 24. Re1 c4 25. Nd5 Bc5 26. Bg5 Bxd5 27. exd5 Qb6
28. Qf5 Bd4 29. Re2 h6 30. Be3 Bxe3 31. Rxe3 Qd4 32. Re7 Qxb2 33. Rce1 c3 34.
d6 c2 35. Rxf7 c1=Q 0-1

[Event "Laval op"]
[Site "Laval CAN"]
[Date "2016.06.24"]
[Round "2.4"]
[White "Jacquet, Stephane"]
[Black "Larochelle, Martial"]
[Result "0-1"]
[WhiteElo "1969"]
[BlackElo "2112"]
[PlyCount "38"]
[EventDate "2016.06.23"]
[EventType "swiss"]
[EventRounds "7"]
[EventCountry "CAN"]

1. d4 d5 2. c4 dxc4 3. e3 e5 4. Bxc4 exd4 5. exd4 Bd6 6. Nf3 Nf6 7. O-O O-O 8.
Bg5 Nc6 9. h3 h6 10. Be3 Bf5 11. Nc3 Qd7 12. d5 Ne5 13. Nxe5 Bxe5 14. Qf3 a6
15. a4 Rfe8 16. Rfd1 Ne4 17. Bf4 Bxf4 18. Qxf4 Nxc3 19. bxc3 Re4 0-1